FEDERALISMO Y FEDERALISMO EUROPEO /

TRADUCCION DE: LE FEDERALISME

Պահպանված է:
Մատենագիտական մանրամասներ
Այլ հեղինակներ: Berger, Gaston (autor) (autor)
Ձևաչափ: Գիրք
Խորագրեր:
Ցուցիչներ: Ավելացրեք ցուցիչ
Չկան պիտակներ, Եղեք առաջինը, ով նշում է այս գրառումը!

MARC

LEADER 00000nam^a2200000^a^4500
001 000231800
005 20250521000000.0
009 20260310104536.572
035 |a 053728 
037 |a Acervo Xavier Clavigero 
082 |a 321. 02  |b FED 
245 1 0 |a FEDERALISMO Y FEDERALISMO EUROPEO /  |c G. BERGER ...[ET AL.]; TR. RAUL MORODO 
264 |a MADRID :  |b TECNOS,  |c 1964 
300 |a 352p. 
336 |a texto  |b txt  |2 rdacontenido 
337 |a sin mediación  |b n  |2 rdamedio 
338 |a volumen  |b nc  |2 rdasoporte 
520 |a TRADUCCION DE: LE FEDERALISME 
649 |a XX 
650 |a Gobierno Federal 
650 |a Federalismo -  |z Europa 
700 |a Berger, Gaston  |e (autor) 
910 |a Fondo General 
920 |a Impresos - Libros 
930 |a Colección General 
905 |a 101 
901 |a 053728  |b IT1  |c ACC  |i 053728  |u 20250521 
902 |a https://opac.biblio.iteso.mx/vufind/Record/000231800